<?xml version="1.0" encoding="UTF-8"?>
<record
    xmlns:xsi="http://www.w3.org/2001/XMLSchema-instance"
    xsi:schemaLocation="http://www.loc.gov/MARC21/slim http://www.loc.gov/standards/marcxml/schema/MARC21slim.xsd"
    xmlns="http://www.loc.gov/MARC21/slim">

  <leader>01485nam a2200205Ia 4500</leader>
  <controlfield tag="001">a1886-46112 </controlfield>
  <controlfield tag="003">IT-MiCISF</controlfield>
  <controlfield tag="008">161014s9999||||xx |||||||||||||| ||und||</controlfield>
  <datafield tag="040" ind1=" " ind2=" ">
    <subfield code="a">IT-MiCISF</subfield>
    <subfield code="c">IT-MiCISF</subfield>
  </datafield>
  <datafield tag="041" ind1=" " ind2=" ">
    <subfield code="a">it</subfield>
  </datafield>
  <datafield tag="100" ind1=" " ind2=" ">
    <subfield code="a">Anatrella Tony</subfield>
  </datafield>
  <datafield tag="245" ind1=" " ind2="0">
    <subfield code="a">Felici e sposati</subfield>
    <subfield code="b">Coppia, convivenza, matrimonio</subfield>
  </datafield>
  <datafield tag="250" ind1=" " ind2=" ">
    <subfield code="a">1a ed.</subfield>
  </datafield>
  <datafield tag="260" ind1=" " ind2=" ">
    <subfield code="a">Bologna</subfield>
    <subfield code="b">Edizioni Studio Domenicano</subfield>
    <subfield code="c">2007 [Edizione originale: 2004]</subfield>
  </datafield>
  <datafield tag="300" ind1=" " ind2=" ">
    <subfield code="a">pp. 222</subfield>
  </datafield>
  <datafield tag="500" ind1=" " ind2=" ">
    <subfield code="a"> / coppia, relazione-di-coppia, convivenza, matrimonio, divorzio, omosessualit&#xE0; / Anzich&#xE9; facilitare forme alternative al matrimonio, non &#xE8; forse pi&#xF9; costruttivo interrogarsi su ci&#xF2; che fonda e sviluppa l'amore coniugale e su ci&#xF2; che &#xE8; in grado di guarirlo quando attraversa delle crisi? I politici, i sociologi e i grandi mezzi di comunicazione enfatizzano le percentuali delle separazioni e dei divorzi, ma sembrano dimenticare che la maggior parte dei matrimoni tiene. Anzi, il matrimonio sta conoscendo una nuova rinascita. Cosa cercano le persone che si sposano? In vista di cosa si impegnano? A quali condizioni possono costruire una relazione autentica e durevole e vivere una sessualit&#xE0; non frustrante, ma piena di gioia?  L'A., sulla base dell'esperienza francese, analizza gli effetti dei PACS, della cosiddetta famiglia allargata e delle coppie omosessuali sulla vita affettiva e sulle relazioni sociali. </subfield>
  </datafield>
  <datafield tag="650" ind1=" " ind2=" ">
    <subfield code="a"> Relazione di coppia / coppia</subfield>
    <subfield code="e">002</subfield>
  </datafield>
  <datafield tag="942" ind1=" " ind2=" ">
    <subfield code="c">BK</subfield>
  </datafield>
  <datafield tag="957" ind1=" " ind2=" ">
    <subfield code="7">1</subfield>
  </datafield>
  <datafield tag="999" ind1=" " ind2=" ">
    <subfield code="a">46112</subfield>
    <subfield code="b">si</subfield>
    <subfield code="g">1</subfield>
    <subfield code="c">217302</subfield>
    <subfield code="d">217302</subfield>
  </datafield>
  <datafield tag="952" ind1=" " ind2=" ">
    <subfield code="0">0</subfield>
    <subfield code="1">0</subfield>
    <subfield code="4">0</subfield>
    <subfield code="6">A_188646112</subfield>
    <subfield code="7">1</subfield>
    <subfield code="a">CISF</subfield>
    <subfield code="b">CISF</subfield>
    <subfield code="d">2016-10-14</subfield>
    <subfield code="l">0</subfield>
    <subfield code="o">a1886-46112 </subfield>
    <subfield code="r">2016-10-14 00:00:00</subfield>
    <subfield code="w">2016-10-14</subfield>
    <subfield code="y">BK</subfield>
    <subfield code="z">Data import 15.10.2016 / by Epidotti, Vaglietti</subfield>
  </datafield>
</record>
